Llwytho...

The transfer of chattles in private international law a comparitive study

Manylion Llyfryddiaeth
Prif Awdur: Zaphiriou, G. A
Fformat: Printed Book
Iaith:English
Cyhoeddwyd: London The Athlone Press 1956
LEADER 00495nam a22001457a 4500
003 OSt
008 100420t xxu||||| |||| 00| 0 eng d
080 |a 340.5  |b ZAP 
100 |a Zaphiriou, G. A  |9 14188 
245 |a The transfer of chattles in private international law  |b a comparitive study 
260 |a London  |b The Athlone Press  |c 1956 
300 |a 227p. 
942 |c BK  |6 _ 
999 |c 193804  |d 193804 
952 |0 0  |1 0  |4 0  |6 3405_ZAP  |7 0  |9 249442  |a SLS  |b SLS  |d 2010-04-20  |o 340.5 ZAP  |p SLS001107  |r 2010-04-20  |t 1  |w 2010-04-20  |y BK